| 000 | 01193nam0a22002531 4500 | ||
|---|---|---|---|
| 001 | rc\1130557 | ||
| 005 | 20041126174619.9 | ||
| 035 | _a(NLR Aleph) 006372204 | ||
| 090 |
_a5007232 _c5007232 |
||
| 100 | _a20041126d1981 u |0rusy50 ca | ||
| 101 | 0 | _arus | |
| 102 | _aRU | ||
| 105 | _ay ||||||||| | ||
| 200 | 1 |
_aНовые данные по стратиграфии Белоруссии _eМатериалы БелРМСК к Межвед. стратигр. совещ. [г. Гомель, 16-21 нояб. 1981 г.] _eСб. науч. тр. _fБелорус. н.-и. геол.-развед. ин-т _g[Редкол.: В.К. Голубцов (отв. ред.) и др.] |
|
| 210 |
_aМинск _cБелНИГРИ _d1981 |
||
| 215 |
_a123 с. _d20 |
||
| 702 | 1 |
_aГолубцов _bВ. К. _gВасилий Кузьмич _4340 |
|
| 712 | 0 | 2 | _aБелорусская региональная межведомственная стратиграфическая комис. |
| 712 | 1 | 2 |
_aМежведомственное стратиграфическое совещ. _f1981 _eГомель |
| 801 | 0 |
_aRU _bNLR _gpsbo |
|
| 801 | 1 |
_aRU _bELAR _2rusmarc |
|
| 852 |
_aNLR _j82-3/8395 |
||
| 942 | _cBOOK | ||
| 980 | _aNB | ||